[Event "Nuremberg Zabo op 23rd"]
[Site "Nuremberg"]
[Date "2023.09.17"]
[Round "4"]
[White "Kost, Andreas"]
[Black "Deschler, Arne"]
[Result "0-1"]
[WhiteElo "1569"]
[BlackElo "1878"]
[PlyCount "164"]
[EventDate "2023.09.15"]
[EventType "swiss"]
[EventRounds "5"]
[EventCountry "GER"]
[SourceTitle "CBM 216 Extra"]
[Source "ChessBase"]
[SourceDate "2023.11.30"]
[SourceVersion "1"]
[SourceVersionDate "2023.11.30"]
[SourceQuality "1"]

1. d4 Nf6 2. c4 c6 3. Nc3 d5 4. Bf4 a6 5. c5 Bf5 6. e3 Nbd7 7. Bd3 Bxd3 8. Qxd3 Nh5 9. Nf3 g6 10. 0-0 Bg7 11. h3 Nxf4 12. exf4 Qc7 13. g3 0-0 14. Rfe1 Rae8 15. b4 f6 16. Re6 Rf7 17. Rae1 Nf8 18. R6e3 e6 19. a4 Rfe7 20. Kg2 Nd7 21. b5 axb5 22. axb5 e5 23. fxe5 fxe5 24. dxe5 Nxc5 25. Qd4 Nd7 26. bxc6 bxc6 27. Nxd5 cxd5 28. Qxd5+ Kh8 29. e6 Nf8 30. Ng5 Kg8 31. Nf7 Qb6 32. Rb3 Qd4 33. Nh6+ Kh8 34. Qxd4 Bxd4 35. Rf3 Bg7 36. Ng4 Rxe6 37. Rb1 h5 38. Ne3 Nd7 39. Nd5 Ne5 40. Rfb3 Rd6 41. Nf4 Kh7 42. Rb7 Kh6 43. h4 Ng4 44. Nh3 Rd2 45. Rf7 Rf8 46. Rbb7 Rxf7 47. Rxf7 Bd4 48. Rf4 Bc5 49. Rf7 Bd4 50. Rf4 Kg7 51. Kf1 Be5 52. Re4 Kf6 53. Ke1 Ra2 54. Kf1 Kf5 55. Rc4 Bxg3 56. Rc5+ Be5 57. f4 Nh2+ 58. Kg1 Nf3+ 59. Kf1 Kg4 60. fxe5 Nh2+ 61. Kg1 Kxh3 62. Rc3+ Kxh4 63. e6 Re2 64. e7 Ng4 65. Rc7 g5 66. Kf1 Re5 67. Kg2 Re6 68. Rc1 Re2+ 69. Kf3 Re3+ 70. Kg2 Nf6 71. Rc7 g4 72. Kf2 Re6 73. Kg2 g3 74. Rc4+ Ng4 75. Rc7 Re2+ 76. Kf3 Re3+ 77. Kg2 Re2+ 78. Kf3 Rf2+ 79. Ke4 g2 80. Rc1 Kh3 81. Rc3+ Kh2 82. e8Q Re2+ 0-1

[Event "Nuremberg Zabo op 23rd"]
[Site "Nuremberg"]
[Date "2023.09.16"]
[Round "2"]
[White "Kost, Andreas"]
[Black "Rein, Joachim"]
[Result "0-1"]
[WhiteElo "1569"]
[BlackElo "1885"]
[PlyCount "102"]
[EventDate "2023.09.15"]
[EventType "swiss"]
[EventRounds "5"]
[EventCountry "GER"]
[SourceTitle "CBM 216 Extra"]
[Source "ChessBase"]
[SourceDate "2023.11.30"]
[SourceVersion "1"]
[SourceVersionDate "2023.11.30"]
[SourceQuality "1"]

1. d4 d5 2. c4 e6 3. Nf3 f5 4. g3 Nf6 5. Bg2 c6 6. 0-0 Bd6 7. Nc3 0-0 8. Ne5 Nbd7 9. f4 Ne4 10. cxd5 exd5 11. Nd3 Qf6 12. Nf2 Qh6 13. e3 Ndf6 14. Ncxe4 fxe4 15. Bd2 Be6 16. Rc1 Rf7 17. a3 Raf8 18. Bb4 Bxb4 19. axb4 a6 20. g4 g5 21. f5 Bc8 22. Qe1 Nd7 23. Nd1 Qd6 24. b3 Nf6 25. Nf2 Rg7 26. h3 Kf7 27. Qc3 Rh8 28. Qc5 Qc7 29. b5 axb5 30. Qxb5 h5 31. Qe2 hxg4 32. Nxg4 Qg3 33. Ne5+ Ke8 34. Qf2 Qxf2+ 35. Rxf2 g4 36. Nxg4 Nxg4 37. hxg4 Rxg4 38. Rcc2 Rg3 39. Rce2 Kf7 40. Kf1 b6 41. Ke1 Ba6 42. Ra2 Rxe3+ 43. Kd2 Rd3+ 44. Kc2 Bb5 45. f6 e3 46. Ra7+ Ke6 47. Re7+ Kd6 48. Re2 Rd2+ 49. Rxd2 exd2 50. Re5 Rf8 51. Rf5 Bd3+ 0-1

[Event "Mittelfranken-chTB2a 1415"]
[Site "Mittelfranken"]
[Date "2014.12.14"]
[Round "4.8"]
[White "Kost, Andreas"]
[Black "Davydych, Viacheslav"]
[Result "0-1"]
[WhiteElo "1581"]
[BlackElo "1827"]
[PlyCount "138"]
[EventDate "2014.09.28"]
[EventType "team-tourn"]
[EventRounds "9"]
[EventCountry "GER"]
[SourceTitle "EXT 2020"]
[Source "ChessBase"]
[SourceDate "2019.10.17"]
[SourceVersion "1"]
[SourceVersionDate "2019.10.17"]
[SourceQuality "1"]
[WhiteTeam "Nuernberg NT V"]
[BlackTeam "Bad Windsheim/Ansbach"]
[WhiteTeamCountry "GER"]
[BlackTeamCountry "GER"]

1. d4 d5 2. c4 e6 3. Nc3 Nf6 4. Nf3 c5 5. cxd5 Nxd5 6. e4 cxd4 7. Qxd4 Nc6 8. Qd1 Nxc3 9. Qxd8+ Kxd8 10. bxc3 Bd6 11. Bd3 Ne5 12. Be2 Bd7 13. Nd4 Nc6 14. Nb5 Bc5 15. Bb2 a6 16. Na3 Ne5 17. Rd1 Ke7 18. 0-0 Bc6 19. c4 f6 20. Bxe5 Bxa3 21. Bg3 Bxe4 22. f3 Bc5+ 23. Kh1 Bc6 24. Bc7 Rac8 25. Bg3 Rhd8 26. Bd3 Ba4 27. Rd2 Be3 28. Rb2 Rxd3 29. Rxb7+ Rd7 30. Rb4 Bc6 31. h4 Rb7 32. Rfb1 Rxb4 33. Rxb4 Rd8 34. Kh2 Bc5 35. Rb3 Bd6 36. Rb6 Bxg3+ 37. Kxg3 Kd6 38. Rxa6 Ra8 39. Rb6 Rxa2 40. Rb8 Ra8 41. Rb1 Kc5 42. Rc1 Ra4 43. Re1 e5 44. Kf2 Rxc4 45. g3 Rc3 46. f4 Rf3+ 47. Ke2 Rxg3 48. Rc1+ Kd6 49. fxe5+ fxe5 50. Rd1+ Ke7 51. Ra1 Rg4 52. Ra7+ Bd7 53. Ra5 Kf6 54. h5 Rh4 55. Ra6+ Be6 56. Ra3 Rxh5 57. Kf2 g5 58. Rf3+ Bf5 59. Ra3 g4 60. Ra6+ Be6 61. Ra4 Rg5 62. Kg3 h5 63. Ra6 h4+ 64. Kxh4 g3 65. Ra1 g2 66. Rf1+ Rf5 67. Rg1 Bd5 68. Ra1 Rf1 69. Ra6+ Kf5 0-1

[Event "Nuremberg Zabo op 15th"]
[Site "Nuremberg"]
[Date "2013.09.22"]
[Round "4"]
[White "Kost, Andreas"]
[Black "Gude, Michael"]
[Result "1/2-1/2"]
[WhiteElo "1415"]
[BlackElo "1595"]
[PlyCount "99"]
[EventDate "2013.09.20"]
[EventType "swiss"]
[EventRounds "5"]
[EventCountry "GER"]
[SourceTitle "EXT 2016"]
[Source "ChessBase"]
[SourceDate "2015.10.08"]
[SourceVersion "1"]
[SourceVersionDate "2015.10.08"]
[SourceQuality "1"]

1. d4 f5 2. g3 Nf6 3. Nf3 e6 4. Bg2 c6 5. c4 Be7 6. 0-0 0-0 7. Nbd2 d5 8. Qc2 b6 9. a4 Bb7 10. b3 Na6 11. Ba3 c5 12. dxc5 bxc5 13. Ne5 Bd6 14. Nd3 Ne4 15. Nf3 Nb4 16. Nxb4 cxb4 17. Bb2 dxc4 18. Qxc4 Bd5 19. Qd4 Qe7 20. Nd2 Nc3 21. Rfe1 Bxg2 22. Kxg2 Rfd8 23. Bxc3 bxc3 24. Qxc3 Bb4 25. Qf3 Bxd2 26. Red1 Rd5 27. Rxd2 Rad8 28. Rxd5 Rxd5 29. Rc1 Qd7 30. Qc3 Kf7 31. Qc7 Ke7 32. Qxd7+ Kxd7 33. Rc3 g5 34. Kf3 Rd4 35. Ke3 Re4+ 36. Kd3 h5 37. f3 Rb4 38. e4 f4 39. gxf4 gxf4 40. Kc2 Kd6 41. Rc8 Rb7 42. Rh8 Rc7+ 43. Kd2 Rb7 44. Kc3 Rc7+ 45. Kb2 Rc5 46. b4 Rg5 47. Kc3 a6 48. Rd8+ Kc7 49. Rd2 h4 50. b5 1/2-1/2

[Event "Nuremberg Zabo op 15th"]
[Site "Nuremberg"]
[Date "2013.09.20"]
[Round "1"]
[White "Kost, Andreas"]
[Black "Gloth, Gerrit"]
[Result "0-1"]
[WhiteElo "1415"]
[BlackElo "1861"]
[PlyCount "120"]
[EventDate "2013.09.20"]
[EventType "swiss"]
[EventRounds "5"]
[EventCountry "GER"]
[SourceTitle "EXT 2016"]
[Source "ChessBase"]
[SourceDate "2015.10.08"]
[SourceVersion "1"]
[SourceVersionDate "2015.10.08"]
[SourceQuality "1"]

1. d4 Nf6 2. c4 e6 3. Nc3 Bb4 4. Nf3 b6 5. Bg5 Bb7 6. a3 Bxc3+ 7. bxc3 h6 8. Bh4 d6 9. e3 g5 10. Bg3 Ne4 11. Qc2 Nd7 12. Nd2 Nxg3 13. hxg3 Qe7 14. f3 c5 15. e4 Kf8 16. Be2 Kg7 17. Nf1 Qf6 18. Rd1 Qe7 19. Ne3 h5 20. Qd3 Rag8 21. Qb1 h4 22. gxh4 gxh4 23. Qc1 Qf6 24. Ng4 Qg6 25. Bf1 Nf6 26. Nxf6 Qxf6 27. Qe3 e5 28. d5 Rh6 29. Rd2 Rgh8 30. Rf2 Bc8 31. f4 exf4 32. Rxf4 Qe5 33. Kd2 Bd7 34. Be2 h3 35. gxh3 Rxh3 36. Rg1+ Kf8 37. Rf3 Rxf3 38. Qxf3 Rh3 39. Qxh3 Bxh3 40. Kd3 Qf4 41. a4 Qf2 42. Rc1 Qg3+ 43. Kd2 Qf4+ 44. Kc2 Bg2 45. Re1 Bxe4+ 46. Kd1 Bf3 47. a5 Bxe2+ 48. Rxe2 Qxc4 49. axb6 axb6 50. Kd2 Qxd5+ 51. Kc2 b5 52. Kb2 b4 53. cxb4 Qd4+ 54. Kc1 Qxb4 55. Kd1 c4 56. Kc2 Qb3+ 57. Kc1 d5 58. Rg2 Qe3+ 59. Kb2 c3+ 60. Ka1 d4 0-1

[Event "Nuremberg Zabo op 14th"]
[Site "Nuremberg"]
[Date "2012.09.15"]
[Round "3"]
[White "Kost, Andreas"]
[Black "Held, Werner"]
[Result "1-0"]
[WhiteElo "1407"]
[BlackElo "1169"]
[PlyCount "83"]
[EventDate "2012.09.14"]
[EventType "swiss"]
[EventRounds "5"]
[EventCountry "GER"]
[SourceTitle "EXT 2018"]
[Source "ChessBase"]
[SourceDate "2017.10.13"]
[SourceVersion "1"]
[SourceVersionDate "2017.10.13"]
[SourceQuality "1"]

1. d4 d5 2. c4 Nf6 3. cxd5 Qxd5 4. Nc3 Qd6 5. e4 Qb6 6. Bd3 Nc6 7. Nge2 Bg4 8. f3 Bh5 9. Rb1 0-0-0 10. d5 Ne5 11. Bc2 e6 12. Bf4 Bd6 13. Bg3 g5 14. Bf2 c5 15. b4 Qc7 16. Nb5 Qb8 17. Nxd6+ Rxd6 18. bxc5 Ra6 19. d6 Rd8 20. Qd4 Nfd7 21. Ba4 Nc6 22. Bxc6 Rxc6 23. Qb4 b6 24. Qb5 Qb7 25. Rc1 a6 26. Qb4 bxc5 27. Qxb7+ Kxb7 28. Rb1+ Ka8 29. Bg3 Bg6 30. 0-0 e5 31. Rfd1 f5 32. Nc3 h5 33. exf5 Bxf5 34. Rb2 h4 35. Bf2 Nf6 36. Na4 c4 37. Nb6+ Kb8 38. Nd5+ Kc8 39. Ne7+ Kd7 40. Nxf5 e4 41. Rb7+ Ke8 42. Ng7+ 1-0

[Event "Nuremberg Zabo op 14th"]
[Site "Nuremberg"]
[Date "2012.09.14"]
[Round "1.41"]
[White "Kost, Andreas"]
[Black "Korth, Manfred"]
[Result "0-1"]
[WhiteElo "1407"]
[BlackElo "1810"]
[PlyCount "80"]
[EventDate "2012.09.14"]
[EventType "swiss"]
[EventRounds "5"]
[EventCountry "GER"]
[SourceTitle "EXT 2022"]
[Source "ChessBase"]
[SourceDate "2021.10.06"]
[SourceVersion "1"]
[SourceVersionDate "2021.10.06"]
[SourceQuality "1"]

1. d4 d6 2. c4 Nf6 3. Nc3 Bf5 4. Nf3 h6 5. Bf4 Nbd7 6. Qa4 c6 7. Nd2 e5 8. dxe5 dxe5 9. Be3 Ng4 10. Nde4 Nxe3 11. fxe3 Be7 12. g3 Qb6 13. Rd1 Qxe3 14. Nd6+ Bxd6 15. Rxd6 0-0 16. Nd1 Qc5 17. Rd2 Nb6 18. Qa3 Qxa3 19. bxa3 Nxc4 20. Rd3 Bxd3 21. exd3 Nxa3 22. Ne3 Nb5 23. Bg2 Rad8 24. 0-0 Rxd3 25. Nf5 Nd4 26. Ne7+ Kh8 27. Ng6+ fxg6 28. Rxf8+ Kh7 29. Be4 Re3 30. Bg2 Re2 31. Rf7 Rb2 32. a4 Rb4 33. Bf1 e4 34. Kf2 Kg8 35. Re7 Rb2+ 36. Ke1 Nf3+ 37. Kd1 Rb1+ 38. Ke2 Nd4+ 39. Kf2 Rb2+ 40. Kg1 Nf3+ 0-1

[Event "Nuremberg LGA Cup 7th"]
[Site "Nuremberg"]
[Date "2010.09.05"]
[Round "7"]
[White "Muenzenberg, Dietrich"]
[Black "Kost, Andreas"]
[Result "1-0"]
[WhiteElo "1574"]
[BlackElo "1238"]
[PlyCount "83"]
[EventDate "2010.09.02"]
[EventType "swiss"]
[EventRounds "7"]
[EventCountry "GER"]
[SourceTitle "CBM 138 Extra"]
[Source "ChessBase"]
[SourceDate "2010.10.29"]
[SourceVersion "1"]
[SourceVersionDate "2010.10.29"]
[SourceQuality "1"]

1. d4 f5 2. g4 d6 3. gxf5 Bxf5 4. Bg2 c6 5. e4 Bg6 6. Nh3 Nf6 7. Qe2 Na6 8. c3 e5 9. dxe5 dxe5 10. 0-0 Bc5 11. Ng5 Qe7 12. b4 Bb6 13. a4 h6 14. Nh3 Bc7 15. Ba3 Bd6 16. Nd2 Bh5 17. f3 b6 18. Nc4 Bc7 19. b5 Nc5 20. Qe3 cxb5 21. axb5 Bf7 22. Nd2 Bd6 23. c4 0-0 24. Kh1 Rac8 25. Rfc1 Rfd8 26. Bf1 Bb8 27. Nb3 Nfd7 28. Rd1 Qf6 29. Be2 Nb7 30. Rac1 Bd6 31. Bb2 Be6 32. f4 Bxh3 33. Qxh3 Qxf4 34. Rf1 Qxe4+ 35. Bf3 Qg6 36. Bxb7 Rc7 37. Bd5+ Kh8 38. Rg1 Qf6 39. Rcf1 Qe7 40. Rf7 Qe8 41. Rgxg7 Nf6 42. Qxh6+ 1-0